Statistiken für Vergesse nie die Street Lyrics Raf Camora, Ahmad Amin

Klicken Sie hier um das Quiz zu spielen!

Allgemein

  • Dieses Quiz wurde 29 mal gespielt
  • Das Durchschnittsergebnis liegt bei 208 aus 317

Antwortstatistiken

Antwort% Korrekt
nie
100%
S
100%
Street
100%
die
96%
Vergesse
96%
da
91%
G
87%
sie
87%
Tür
87%
aber
83%
Bin
83%
du
83%
ich
83%
vergaß
83%
Wir
83%
wir
83%
J
78%
mehr
78%
nicht
78%
bist
74%
Das
74%
das
74%
ein
74%
haben
74%
K
74%
was
74%
weg
74%
will
74%
auf
70%
der
70%
Eine
70%
in
70%
ja
70%
P
70%
uns
70%
wie
70%
Bruder
65%
geliebt
65%
hart
65%
jetzt
65%
Jetzt
65%
mach
65%
Mach
65%
mein
65%
meine
65%
mi
65%
noch
65%
sind
65%
Sind
65%
und
65%
Und
65%
ihr
61%
ne
61%
nur
61%
Waage
61%
ah
57%
Ah
57%
dein
57%
digital
57%
im
57%
meiner
57%
vor
57%
den
52%
Fünfhaus
52%
Hunger
52%
ist
52%
jaja
52%
Leg
52%
Metall
52%
mich
52%
Mit
52%
mit
52%
Mund
52%
nein
52%
Oh
52%
schmeckst
52%
Spiel
52%
Stars
52%
Tiger
52%
von
52%
Wien
52%
zu
52%
Album
48%
Aspirin
48%
beim
48%
Cover
48%
dritt
48%
Falle
48%
Ganze
48%
Gestrecktes
48%
Gitarre
48%
keine
48%
mal
48%
Muss
48%
nächsten
48%
pack
48%
Schnell
48%
selbe
48%
Selbst
48%
Speed
48%
Straßenschuhen
48%
tappt
48%
Team
48%
Unheil
48%
wartet
48%
Weil
48%
Woche
48%
Zigarette
48%
amor
43%
Freunde
43%
Karabiner
43%
Madrid
43%
Minirock
43%
mir
43%
Police
43%
scheinen
43%
Top
43%
undercover
43%
Verdreht
43%
verführen
43%
ausm
39%
Ganzen
39%
Gym
39%
Jean
39%
Kopf
39%
Park
39%
Tag
39%
ey
35%
Ritz
35%
Treppe
35%
Wiener
35%
Ekipa
30%
Klär
30%
pass
30%
vorm
30%
Amin
26%
dem
26%
Papp
26%
wesh
22%
Merima
17%
Sheytana
13%

Verteilung der Resultate

Perzentil nach korrekt beantworteten Fragen

Anzahl Personen mit jedem Resultat

Ihre Resultats-Entwicklung

Sie haben dieses Quiz noch nicht gespielt